000 00632nam a22002057a 4500
005 20251108170828.0
008 250721s9999 xx 000 0 ara d
082 1 4 _aط/621.384/شار
100 1 _aالشاروني، يعقوب
245 1 0 _aالراديو /
264 1 _aالقاهرة :
_bالدار المصرية اللبنانية،
_c[19-].
300 _a16 ص.مص.
490 0 _aالهندسة
650 1 7 _aالاتصالات اللاسلكية
650 1 7 _aالبث الاذاعي
650 1 7 _aالهوائيات
653 _aناشئون صغار ( 10 - 14 سنة )
942 _2ddc
_cBK
999 _c49973
_d49973